<?xml version="1.0" encoding="UTF-8"?>
<record
    xmlns:xsi="http://www.w3.org/2001/XMLSchema-instance"
    xsi:schemaLocation="http://www.loc.gov/MARC21/slim http://www.loc.gov/standards/marcxml/schema/MARC21slim.xsd"
    xmlns="http://www.loc.gov/MARC21/slim">

  <leader>01200nam a22002177a 4500</leader>
  <controlfield tag="008">161012b        xxu||||| |||| 00| 0 eng d</controlfield>
  <datafield tag="082" ind1=" " ind2=" ">
    <subfield code="a">861.972.81</subfield>
    <subfield code="b">P344a</subfield>
  </datafield>
  <datafield tag="100" ind1=" " ind2=" ">
    <subfield code="a">Pedroza, Sim&#xF3;n (Editor); Payeras, Javier; Marre, Alejandro; Pedroza, Sim&#xF3;n. </subfield>
    <subfield code="9">5554</subfield>
  </datafield>
  <datafield tag="245" ind1=" " ind2=" ">
    <subfield code="a">Automatica 9mm</subfield>
    <subfield code="c">Pedroza, Sim&#xF3;n (Editor); Payeras, Javier; Marre, Alejandro; Pedroza, Sim&#xF3;n. </subfield>
  </datafield>
  <datafield tag="260" ind1=" " ind2=" ">
    <subfield code="a">Guatemala</subfield>
    <subfield code="b">Ediciones Bizarras</subfield>
    <subfield code="c">2016</subfield>
  </datafield>
  <datafield tag="300" ind1=" " ind2=" ">
    <subfield code="a">unpaged</subfield>
    <subfield code="b">ill.</subfield>
    <subfield code="c">22 cm </subfield>
  </datafield>
  <datafield tag="440" ind1=" " ind2=" ">
    <subfield code="n">segunda Edici&#xF3;n </subfield>
    <subfield code="9">5555</subfield>
  </datafield>
  <datafield tag="505" ind1=" " ind2=" ">
    <subfield code="t">Zaliva de Mozka/ zaliva </subfield>
    <subfield code="t">Phoezia inzendiaria</subfield>
    <subfield code="t">Kriztal akriliko fundido</subfield>
    <subfield code="t">Haliento de phoeta muerto</subfield>
    <subfield code="t">V&#xF3;mito de met&#xE1;phora</subfield>
    <subfield code="t">Plazma Zolar Kon </subfield>
    <subfield code="t">Magnezia diluvian</subfield>
    <subfield code="t">Likido metaph&#xF3;riko</subfield>
    <subfield code="t">Zuztantivo imphola</subfield>
    <subfield code="t">Zirkunztanzia im </subfield>
    <subfield code="t">Zoluzi&#xF3;n antipho&#xE9;tika</subfield>
    <subfield code="t">Likido Vrtual Expirado</subfield>
    <subfield code="t">Phlu&#xED;do Exiztenzial </subfield>
    <subfield code="t">Zwue&#xF1;oz tormentozoz</subfield>
    <subfield code="t">Brebaje revelador</subfield>
    <subfield code="t">Amnezia Hist&#xF3;rika</subfield>
    <subfield code="t">Cinematograph&#xED;a </subfield>
    <subfield code="t">Alkohol mutante </subfield>
    <subfield code="t">Emulzi&#xF3;n  de fin de zia</subfield>
  </datafield>
  <datafield tag="653" ind1=" " ind2=" ">
    <subfield code="a">Literatura Contempor&#xE1;nea </subfield>
  </datafield>
  <datafield tag="653" ind1=" " ind2=" ">
    <subfield code="a">Poes&#xED;a</subfield>
  </datafield>
  <datafield tag="653" ind1=" " ind2=" ">
    <subfield code="a">Pose&#xED;a - Guatemala </subfield>
  </datafield>
  <datafield tag="653" ind1=" " ind2=" ">
    <subfield code="a">Propuesta gr&#xE1;fica-po&#xE9;tica </subfield>
    <subfield code="a">Ediciones Bizarras </subfield>
  </datafield>
  <datafield tag="700" ind1=" " ind2=" ">
    <subfield code="a">Pedroza, Sim&#xF3;n</subfield>
    <subfield code="9">5556</subfield>
  </datafield>
  <datafield tag="700" ind1=" " ind2=" ">
    <subfield code="a"> Payeras, Javier</subfield>
    <subfield code="9">5557</subfield>
  </datafield>
  <datafield tag="700" ind1=" " ind2=" ">
    <subfield code="a">Marre, Alejandro</subfield>
    <subfield code="9">5558</subfield>
  </datafield>
  <datafield tag="999" ind1=" " ind2=" ">
    <subfield code="c">1065</subfield>
    <subfield code="d">1065</subfield>
  </datafield>
  <datafield tag="952" ind1=" " ind2=" ">
    <subfield code="0">0</subfield>
    <subfield code="1">0</subfield>
    <subfield code="2">ddc</subfield>
    <subfield code="4">0</subfield>
    <subfield code="7">0</subfield>
    <subfield code="a">LV</subfield>
    <subfield code="b">LV</subfield>
    <subfield code="c">Literatura</subfield>
    <subfield code="d">2016-10-12</subfield>
    <subfield code="l">0</subfield>
    <subfield code="o">861.972.81 P344a</subfield>
    <subfield code="p">004242</subfield>
    <subfield code="r">2016-10-12 00:00:00</subfield>
    <subfield code="w">2016-10-12</subfield>
    <subfield code="y">01</subfield>
  </datafield>
</record>
